El espejo vacío: fotografía, identidad y memoria
Guardat en:
| Autor principal: | |
|---|---|
| Format: | Llibre |
| Idioma: | espanyol |
| Publicat: |
Valparaíso
Editorial Universidad de Valparaíso
2015
|
| Edició: | 1a. ed |
| Col·lecció: | Colección Puerto de Ideas
|
| Matèries: | |
| Etiquetes: |
Afegir etiqueta
Sense etiquetes, Sigues el primer a etiquetar aquest registre!
|
MARC
| LEADER | 00000cam a2200000 a 4500 | ||
|---|---|---|---|
| 001 | UCD7386 | ||
| 003 | CL-VaPUC | ||
| 008 | 170317e20151100cl |||||||||||||||||spa|d | ||
| 020 | |a 9789562141482 | ||
| 082 | 0 | 4 | |a 770.1 |b SCI |2 21 |
| 100 | 0 | |a Scianna, Ferdinando |e author |9 591417 | |
| 245 | 1 | 3 | |a El espejo vacío: fotografía, identidad y memoria |
| 250 | |a 1a. ed | ||
| 300 | |a 82 p | ||
| 942 | |c BK | ||
| 945 | |d 20170317 22:16:00 |a arojas | ||
| 260 | |a Valparaíso |b Editorial Universidad de Valparaíso |c 2015 | ||
| 650 | 0 | |a Fotografía |9 268495 | |
| 650 | 0 | |a Filosofía del arte |9 264951 | |
| 650 | 0 | |a Identidad |9 336178 | |
| 650 | 0 | |a Memoria |9 266549 | |
| 583 | |a last modification |c 20170530 05:48:19 |k Rodrigo Vera | ||
| 490 | 0 | |a Colección Puerto de Ideas | |
| 999 | |c 367447 |d 367445 | ||
| 952 | |0 0 |1 0 |3 erd |4 0 |6 770_100000000000000_SCI_2015 |7 0 |8 A |9 482321 |a BIBEDU |b BIBEDU |i 5367786 |o 770.1 SCI 2015 |p 5367786 |r 2019-11-24 |w 2019-11-24 |y BK |z Catalogado en:20170317 |k FIL | ||